Historia de las intervenciones federales en las provincias. tomo 2 /

Guardado en:
Autor Principal: Sommariva, Luis H.
Formato: Libro
Publicado: Buenos Aires : El Ateneo, 1931
Materias:
Etiquetas: Agregar Etiqueta
Sin Etiquetas, Sea el primero en etiquetar este registro!
LEADER 00486nam a22001455a 4500
001 EHU.bham014107
003 AR-BHAM
005 20100308150740.0
008 130507s1931##################000#0#####d
082 9 8 |a 982 
100 1 |a Sommariva, Luis H. 
245 1 0 |a Historia de las intervenciones federales en las provincias. tomo 2 /  |c Luis H. Sommariva 
260 |a Buenos Aires :  |b El Ateneo,  |c 1931 
653 |a Historia de argentina 
859 |a AR-BHAM  |b BIB. HUMANIDADES - General  |h 982  |i SO51  |p 289.68  |t Ej.1  |v II  |3 II